000 00699nam a22002177a 4500
999 _c15088
_d15088
003 AR-CdUCM
008 190425b ||||| |||| 00| 0 spa d
020 _a84-9825-041-2
040 _aMUNICIPALIDAD PROVINCIAL DEL CUSCO
_cBIBLIOTECA MUNICIPAL DEL CUSCO
082 _aEP / 376.1 /
_bP51
100 _aPhilippo, Sophie
_934107
245 _aLos secretos del Mamut /
260 _aBarcelona :
_bCombel,
_c2006.
300 _a43 páginas ;
_bilustraciones,
_c25 cm.
650 _aTextos infantiles
_933764
650 _aLiteratura infantil
_9588
650 _aAprendizaje infantil
_933271
700 _aDutertre, Charles (ilustraciones)
_934108
942 _2ddc
_cLIBROS
945 _aachl
_d2019-04-25